| 000 | 00437nam a2200169Ia 4500 | ||
|---|---|---|---|
| 008 | 230711s9999||||xx |||||||||||||| ||und|| | ||
| 041 | _aENG | ||
| 082 |
_a720 _bWA-P |
||
| 100 | _aOsamu A.Wakita | ||
| 245 | 4 | _aThe professional practice of architectural working drawings | |
| 250 | _a1st Ed. | ||
| 260 |
_c1984 _aNew York _bJohn Wiley & Sons.Inc |
||
| 300 | _a560 | ||
| 650 | _aArchitecture | ||
| 700 | _aRichard M.Linde | ||
| 942 | _cBK | ||
| 999 |
_c2835 _d2835 |
||